Statistiques concernant Devine le film - image #2

Cliquez ici pour prendre le quiz!

Statistiques générales

  • Ce quiz a été pris 83 fois
  • Le résultat moyen est 16 sur 27

Statistiques - réponses

Réponse% Correct
Avatar
89%
Interstellar
89%
Barbie
86%
Le seigneur des anneaux
83%
Top Gun : Maverick
83%
Fast and Furious
79%
Terminator
71%
Very Bad Trip
71%
La La Land
69%
The Revenant
69%
Transformers
68%
Shutter Island
67%
Le Silence des Agneaux
60%
John Wick
57%
Kill Bill
56%
Creed
50%
Parasite
50%
Whiplash
50%
American Psycho
49%
Le Mans 66
47%
The Dark Knight
47%
Le Loup de Wall Street
44%
Once Upon a Time in Hollywood
44%
Get Out
43%
Passengers
36%
Heat
29%
Blade Runner 2049
28%

Distribution des résultats

Percentile par nombre de réponses

% des personnes avec chaque résultat

Votre développement - résultats

Vous n’avez pas pris ce quiz